000 00524nam a22002057a 4500
005 20190702125048.0
008 190701b xxu||||| |||| 00| 0 eng d
020 _a9781138797345
_cRs. 1415.00
040 _aLoreto College
041 _aEnglish
082 _a791.43
_bMCD
100 _aMcDonald, Kevin
245 _aFilm theory
_bThe basics
_cKevin McDonald
260 _aOxon
_bRoutledge
300 _a195 p.
_b24 cm.
504 _aIncludes index
650 _aFilm Study
850 _aLCLIB
942 _cBK
999 _c42139
_d92618